000 00537nam a2200205Ia 4500
003 OSt
005 20220926042501.0
006 a|||||r|||| 00| 0
007 ta
008 220923b |||||||| |||| 00| 0 eng d
037 _cGeneral Book
040 _aRTL
_cRTL
_beng
041 _2eng
_aeng
082 _aTN3.73, H5
245 0 _aGENERAL EDUCATION in a free society
_b Reprot of th
260 _c1945
650 _aSpecific Group Education
_9233065
942 _hTN3.73, H5
_cGB
_2CC
999 _c669856
_d669856